000 00420nam a2200181Ia 4500
001 2900
005 20260306144841.0
008 260306t2016||||xx |||||||||||||| ||spa||
041 _aESP
082 _a231.91
_bL28
100 _aLatourelle, René
_eAUT
245 0 _aTeología de la revelación
260 _c2016
300 _a575 páginas :
_c21 cm.
650 _aGEN
654 _aCHU
942 _cLIB
_dJUS
_fJUS
_2ddc
_n
999 _c2900
_d2900